| Tag |
First Indicator |
Second Indicator |
Subfields |
| LEADER |
00000nam a2200000Ia 4500 |
| 001 |
in00004330821 |
| 005 |
20200812091312.0 |
| 006 |
m g d |
| 007 |
cr bn |||a|bb| |
| 008 |
030715s1690 enk o 000 0 eng d |
| 035 |
|
|
|a (OCoLC)52612384
|
| 040 |
|
|
|a EAE
|c EAE
|e dcrb
|
| 037 |
|
|
|a CL0037000121
|b ProQuest Information and Learning. 300 N. Zeeb Rd., Ann Arbor, MI 48106
|
| 043 |
|
|
|a e-ie---
|a e-uk---
|
| 090 |
|
|
|a DA945
|b .W6 1690
|
| 049 |
|
|
|a UMIA
|
| 100 |
1 |
|
|a Wolseley, William,
|d 1640?-1697.
|
| 245 |
1 |
2 |
|a A further account from Colonel Wolesely, of the defeat of the Irish, :
|b written from Belturbat, the 14th of February 1690.
|
| 260 |
|
|
|a Printed at London ;
|a and re-printed at Edinburgh :
|b [publisher not identified],
|c 1690.
|
| 300 |
|
|
|a 1 online resource (1 sheet ([1] pages)
|
| 336 |
|
|
|a text
|b txt
|2 rdacontent
|
| 337 |
|
|
|a computer
|b c
|2 rdamedia
|
| 338 |
|
|
|a online resource
|b cr
|2 rdacarrier
|
| 500 |
|
|
|a Caption title.
|
| 500 |
|
|
|a Reproduction of the original in the National Library of Scotland.
|
| 510 |
4 |
|
|a Wing (2nd edition)
|c W3316AB
|
| 533 |
|
|
|a Electronic reproduction.
|b Ann Arbor, Mich. :
|c UMI,
|d 1999-
|f (Early English books online)
|n Digital version of: (Early English Books, 1641-1700 ; 2797:18)
|7 s1999 miun s
|
| 651 |
|
0 |
|a Ireland
|x History
|y War of 1689-1691
|v Early works to 1800.
|
| 651 |
|
0 |
|a Great Britain
|x History
|y William and Mary, 1689-1702
|v Early works to 1800.
|
| 655 |
|
7 |
|a Broadsides
|z Scotland
|y 17th century.
|2 rbgenr
|
| 830 |
|
0 |
|a Early English books online.
|
| 856 |
4 |
0 |
|u http://proxy.library.tamu.edu/login?url=https://search.proquest.com/docview/2240892542
|z Connect to the full text of this electronic book
|t 0
|
| 999 |
f |
f |
|s 6f935865-54c7-3144-8b0e-c2cf2d624680
|i ab76abe9-7180-3c7c-8d35-8b1a2d976307
|t 0
|
| 952 |
f |
f |
|a Texas A&M University
|b College Station
|c Electronic Resources
|d Available Online
|t 0
|e DA945 .W6 1690
|h Library of Congress classification
|
| 998 |
f |
f |
|a DA945 .W6 1690
|t 0
|l Available Online
|